000
00314nam a22001337a 4500
003
SGT
082
_a
617.84
_b
E21G
100
_a
GUPTA, NEHAL
245
_a
EFFECT OF VIBRATORY INHIBITION AND PELVIC STOPILAZATION...
260
_a
SGT UNIVERSITY
_c
2021
300
_a
100
650
_a
MPT THESIS
942
_2
ddc
_c
TH
999
_c
22009
_d
22009